魔法師ソ幸福時光

資料類型: Book 圖書   書目號:40274

Leader xxxxxxxxxx
001 __ PCLIS00040274
005 __ 20220930131330.30
010 0_ |a978-986-6815-76-8|b卷1 : 平裝|dNT$199
010 0_ |a978-986-6815-89-8|b卷2 : 平裝|dNT$220
100 __ |a20080910g20082011m  y0chiy09      e
101 0_ |achi
102 __ |atw
105 __ |ay   z   000ay
200 1_ |a魔法師ソ幸福時光|dThe magician|zeng|f可蕊著
205 __ |a初版
210 __ |a臺北市|c蓋亞文化出版|a臺北縣中和市|c大河文化總經銷|d2008-2011[民97-100]
211 __ |a0810
215 0_ |a9冊|d20公分
225 1_ |a悅讀館|vRE141-142
300 __ |a作者號由t038取自"可蕊著"(2016871), 作者號由t038取自"可蕊" ; 由t561修正
300 __ |a作者本名閆冰
327 0_ |a1, 舞蹈者 = Dancing dragon--2, 鏡子迷宮 = labyrinth of mirrors
339 __ |a館藏: 卷1-卷2
517 1_ |a魔法師的幸福時光|zchi
517 1_ |a舞蹈者|zchi
517 1_ |a鏡子迷宮|zchi
517 1_ |aDancing dragon|zeng
517 1_ |aLabyrinth of mirrors|zeng
681 __ |a857.83|b854
681 __ |a857.83|b8545 97
700 _0 |a可蕊|f1975-  |4801 _0 |atw|bCIP|c20080910|gCCR
801 _1 |atw|b內湖高中|c20090504|gCCR
801 _2 |atw|b內湖高中|c20220930|gCCR
詳細館藏 1-2 筆 (共 2 筆)
索 書 號登 錄 號冊次號館別 / 館藏地流通類型狀態加入預約清單電子資源
857.83 / 854 1017523 v.2 圖書館 / 一樓普通區 可外借30天 在館   
857.83 / 854 2016871 v.1 圖書館 / 一樓普通區 可外借30天 在館   

| 條列資料




目錄查詢 分類查詢 個人資料 圖書薦購 新書查詢 閉館日 排行榜 更多電子資源 Hami書城 線上資料庫 登出

From : 216.73.217.87

  本日流通累計至 18:45:33 借閱 : 1 次 續借 : 0 次 歸還 : 2 次 預約 : 0 次 電子資源 : 0 次


內湖高中圖書館  PCLIS 版本  26.5.0.12